SR je jedným z najvýznamnejších prepravcov zemného plynu na svete
Základné trendy vývoja slovenského plynárenského priemyslu. Nákup zemného plynu. Tranzit cez Slovensko. Domáca spotreba zemného plynu. Skladovanie v podzemných zásobníkoch. Cenová štruktúra nákupných cien zemného plynu.
Salvato in:
| Autore principale: | |
|---|---|
| Natura: | Capitolo di libro |
| Lingua: | slovacco |
| Soggetti: | |
| Tags: |
Nessun Tag, puoi essere il primo ad aggiungerne!!
|
MARC
| LEADER | 00000naa a2200000 4500 | ||
|---|---|---|---|
| 001 | r038653 | ||
| 005 | 20230824105109.3 | ||
| 041 | 0 | |a slo | |
| 044 | |a SK | ||
| 245 | 1 | 0 | |a SR je jedným z najvýznamnejších prepravcov zemného plynu na svete |c Katarína Gogová |
| 520 | |a Základné trendy vývoja slovenského plynárenského priemyslu. Nákup zemného plynu. Tranzit cez Slovensko. Domáca spotreba zemného plynu. Skladovanie v podzemných zásobníkoch. Cenová štruktúra nákupných cien zemného plynu. | ||
| 610 | 2 | 0 | |a plyn zemný |
| 610 | 2 | 0 | |a plynovody |
| 610 | 2 | 0 | |a priemysel plynárenský |
| 610 | 2 | 0 | |a Slovensko |
| 610 | 2 | 0 | |a tranzit |
| 610 | 2 | 0 | |a štruktúra cien |
| 610 | 2 | 0 | |a spotreba |
| 610 | 2 | 0 | |a ceny nákupné |
| 610 | 2 | 0 | |a ceny predajné |
| 610 | 2 | 0 | |a energetika |
| 100 | 1 | |a Gogová, Katarína | |